| 000 | 00425nam a2200181Ia 4500 | ||
|---|---|---|---|
| 001 | 4405 | ||
| 005 | 20260306145753.0 | ||
| 008 | 260306t1955||||xx |||||||||||||| ||spa|| | ||
| 041 | _aESP | ||
| 082 |
_a321.6 _bK44 |
||
| 100 |
_aKerna, Fritz _eAUT |
||
| 245 | 0 | _aDerechos del rey y derechos del pueblo | |
| 260 | _c1955 | ||
| 300 |
_a232 páginas : _c19 cm. |
||
| 650 | _aGEN | ||
| 654 | _aCHU | ||
| 942 |
_cLIB _dJUS _fJUS _2ddc _n |
||
| 999 |
_c4405 _d4405 |
||